000 00865nam a2200241 i 4500
001 86390
003 ES-MaACL
005 20250830063053.0
007 t|
008 041210s1970 sp ||||1| spa d
100 1 _aKampmann, Theoderich.
_967481
245 1 0 _aConocer para educar
_b: fundamentación psicológica de la pedagogía /
_cTheoderich Kampmann ; [versión de Ismael Antich].
260 _aBarcelona :
_bHerder,
_c1970.
300 _a1 v. ;
_c22 cm.
490 1 _aBiblioteca Herder, Sección de Pedagogí ;
_v122
505 8 _aContiene: I. Infancia, 258 p.
650 0 7 _aPedagogía
_2embne
_915904
650 0 7 _aPsicología de la educación
_2embne
_916558
700 1 _aAntich, Ismael.
_921892
830 0 0 _aBiblioteca Herder.
_pSección de pedagogía
_v122
_9228976
852 _aES-MaACL
_jP-1732
_bR.73542
999 _c86390
_d86390